00409 2200157 4500001002100000005001500021035002000036245005600056100002100112300002600133260004000159082000800199084001400207020001800221990001200239INLIS00000000000184620250508015709 a0010-05250001381 aPara Penemu Yang Mengubah Dunia /cRayani Sriwidodo0 aRayani Sriwidodo a180 hlm ;c17 x 25 cm aJakarta :bPT. Nimas Multima,c2004 a900 a900 RAY p a979-9005-42-6 a0754755